Advanced inorganic chemistry (Record no. 2836)

000 -LEADER
fixed length control field 00571nam a2200241u 4500
001 - CONTROL NUMBER
control field 2836
003 - CONTROL NUMBER IDENTIFIER
control field BD-DhUET
008 - FIXED-LENGTH DATA ELEMENTS--GENERAL INFORMATION
fixed length control field 890901s1965 ii 000 0 eng
020 ## - INTERNATIONAL STANDARD BOOK NUMBER
International Standard Book Number 8121902630
040 ## - CATALOGING SOURCE
Original cataloging agency DLC
Transcribing agency DLC
Modifying agency BD-DhUET
082 ## - DEWEY DECIMAL CLASSIFICATION NUMBER
Classification number 546
Item number PRA/2000
100 ## - MAIN ENTRY--PERSONAL NAME
Personal name Prakash, Satya
245 00 - TITLE STATEMENT
Title Advanced inorganic chemistry
250 ## - EDITION STATEMENT
Edition statement 1st ed.
260 ## - PUBLICATION, DISTRIBUTION, ETC. (IMPRINT)
Place of publication, distribution, etc. New York
Name of publisher, distributor, etc. S. Chand
Date of publication, distribution, etc. 2000
300 ## - PHYSICAL DESCRIPTION
Extent xvi, 1157p.
Other physical details ill.
500 ## - GENERAL NOTE
General note Vol. I
650 #0 - SUBJECT ADDED ENTRY--TOPICAL TERM
Topical term or geographic name as entry element Chemistry
700 ## - ADDED ENTRY--PERSONAL NAME
Personal name Tuli, G. D.
700 ## - ADDED ENTRY--PERSONAL NAME
Personal name Basu, S. K.
700 ## - ADDED ENTRY--PERSONAL NAME
Personal name Madan, R. D.
942 ## - ADDED ENTRY ELEMENTS (KOHA)
Koha item type General Book
Holdings
Date acquired Koha date last seen Koha full call number Copy number Sublocation or collection (holding branch) Source of classification or shelving scheme Damaged status Not for loan Koha renewals Price effective from Koha issues (times borrowed) Shelving location Koha date last borrowed Lost status Piece designation (barcode) Location (home branch) Koha normalized classification for sorting Koha item type Withdrawn status
2014-10-122024-05-26546/PRA/20001Central Library, BUET   22014-10-125Circulation section2024-04-27 96435Central Library, BUET546_000000000000000_PRA_2000General Book 
2014-11-092020-02-24546/PRA/20002Central Library, BUET   12014-11-0912Circulation section2020-02-23 96433Central Library, BUET546PRA2000General Book 
2015-06-162015-06-16546/PRA/20003Central Library, BUET    2015-06-16 Reading section  96431Central Library, BUET546_000000000000000_PRA_2000Reading Item 
2015-12-282019-09-01546/PRA/20004Central Library, BUET    2015-12-286Circulation section2019-08-24 96434Central Library, BUET546_000000000000000_PRA_2000General Book